Cognitive behaviour therapy case studies / (Record no. 25661)
[ view plain ]
| 000 -LEADER | |
|---|---|
| fixed length control field | 00792nam a22002417a 4500 |
| 005 - DATE AND TIME OF LATEST TRANSACTION | |
| control field | 20140310183633.0 |
| 008 - FIXED-LENGTH DATA ELEMENTS--GENERAL INFORMATION | |
| fixed length control field | 131123b xxu||||| |||| 00| 0 eng d |
| 020 ## - INTERNATIONAL STANDARD BOOK NUMBER | |
| International Standard Book Number | 9780857020765 |
| 050 ## - LIBRARY OF CONGRESS CALL NUMBER | |
| Classification number | RC 489.C63 |
| Item number | .T454 2012 |
| 100 ## - MAIN ENTRY--PERSONAL NAME | |
| Personal name | Thomas, Mike |
| 245 ## - TITLE STATEMENT | |
| Title | Cognitive behaviour therapy case studies / |
| Statement of responsibility, etc | Mike Thomas and Mandy Drake. |
| 260 ## - PUBLICATION, DISTRIBUTION, ETC. (IMPRINT) | |
| Place of publication, distribution, etc | Los Angeles : |
| Name of publisher, distributor, etc | SAGE, |
| Date of publication, distribution, etc | 2012. |
| 300 ## - PHYSICAL DESCRIPTION | |
| Extent | 252 p. : |
| Other physical details | ill. ; |
| Dimensions | 25 cm. |
| 504 ## - BIBLIOGRAPHY, ETC. NOTE | |
| Bibliography, etc | Includes Bibliographic References and Index. |
| 521 ## - TARGET AUDIENCE NOTE | |
| Target audience note | |
| 650 ## - SUBJECT ADDED ENTRY--TOPICAL TERM | |
| Topical term or geographic name as entry element | Cognitive Therapy |
| Form subdivision | methods |
| General subdivision | Case Reports. |
| 650 ## - SUBJECT ADDED ENTRY--TOPICAL TERM | |
| Topical term or geographic name as entry element | Mental Disorders |
| Form subdivision | therapy |
| General subdivision | Case Reports. |
| 650 ## - SUBJECT ADDED ENTRY--TOPICAL TERM | |
| Topical term or geographic name as entry element | Cognitive therapy |
| General subdivision | Case studies. |
| 700 ## - ADDED ENTRY--PERSONAL NAME | |
| Personal name | Thomas, Mike. |
| Relator term | editor |
| 700 ## - ADDED ENTRY--PERSONAL NAME | |
| Personal name | Drake, Mandy. |
| Relator term | editory |
| 942 ## - ADDED ENTRY ELEMENTS (KOHA) | |
| Source of classification or shelving scheme | Library of Congress Classification |
| Koha item type | Books |
| Call number prefix | Foreign |
| Withdrawn status | Lost status | Source of classification or shelving scheme | Damaged status | Home library | Current library | Shelving location | Date acquired | Total Checkouts | Total Renewals | Full call number | Barcode | Date last seen | Date checked out | Copy number | Price effective from | Koha item type |
|---|---|---|---|---|---|---|---|---|---|---|---|---|---|---|---|---|
| Library of Congress Classification | College Library | College Library | Reserve Section | 11/23/2013 | 2 | 29 | RC 489.C63 .T454 2012 | C17186 | 02/26/2026 | 02/20/2026 | 1 | 11/23/2013 | Books |